000 01338nam0a2200301 4500
001 RU\NLR\BIBL_A\010436386
005 20161017144105.0
035 _a(NLR Aleph) 010436386
090 _a9873315
_c9873315
100 _a20140802d1934 um y0rusy50 ca
101 0 _asah
102 _aRU
105 _aa||||||||||||
200 1 _aЭрипмиэтикэ садаачаларын хомуура
_bкыра үөрэхтээхтэр оскуолаларыгар
_fУ. М. Багдаанап, С. Л. Хаантар, А. Е. Хоролкуоп
210 _aМосква
_cУчпедгиз
_d1934
215 _a167,[1] с.
_cил.
_d23
300 _aЛатин. графика
541 1 _aАрифметический задачник
_eдля малограмотных
_zrus
606 1 _aАрифметика
_xЗадачи
_jУчебные издания
_2nlr_sh1
_3RU\NLR\AUTH\6664596
686 1 _aВ10 я7
700 1 _aБогданов
_bИ. М.
_f1882-1967
_gИван Михайлович
_4070
701 1 _aКантор
_bШ. Л.
_gШулим Львович
_4070
701 1 _aКорольков
_bА. Е.
_f19 в.
_gАлександр Ефимович
_3RU\NLR\AUTH\77110528
_4070
852 _aNLR
_bОНЛ
_jЯкут./3-980
852 _aNLR
_bОНЛ
_jЯкут./3-980
942 _cBOOK
980 _aNB